[Event "Oberliga Nord N 1920"]
[Site "Germany"]
[Date "2019.12.08"]
[Round "4.6"]
[White "Wolf, Christoph"]
[Black "Christ, Ralf"]
[Result "1/2-1/2"]
[WhiteElo "2216"]
[BlackElo "2259"]
[PlyCount "34"]
[EventDate "2019.09.29"]
[EventType "team-tourn"]
[EventRounds "9"]
[EventCountry "GER"]
[SourceTitle "CBM 195 Extra"]
[Source "ChessBase"]
[SourceDate "2020.05.31"]
[SourceVersion "1"]
[SourceVersionDate "2020.05.31"]
[SourceQuality "1"]

1. e4 e5 2. Nf3 Nc6 3. d4 exd4 4. Bc4 Nf6 5. e5 d5 6. Bb5 Ne4 7. Nxd4 Bd7 8. Bxc6 bxc6 9. 0-0 Bc5 10. f3 Ng5 11. Be3 0-0 12. f4 Ne4 13. Nd2 f5 14. Nxe4 fxe4 15. Qd2 Bb6 16. Nb3 Qe7 17. Qc3 g5 1/2-1/2

[Event "Oberliga Nord N 1920"]
[Site "Germany"]
[Date "2019.09.29"]
[Round "1.5"]
[White "Saglam, Buelent"]
[Black "Christ, Ralf"]
[Result "1/2-1/2"]
[WhiteElo "2103"]
[BlackElo "2264"]
[PlyCount "119"]
[EventDate "2019.09.29"]
[EventType "team-tourn"]
[EventRounds "9"]
[EventCountry "GER"]
[SourceTitle "CBM 195 Extra"]
[Source "ChessBase"]
[SourceDate "2020.05.31"]
[SourceVersion "1"]
[SourceVersionDate "2020.05.31"]
[SourceQuality "1"]

1. e4 c5 2. Nf3 Nc6 3. d4 cxd4 4. Nxd4 e6 5. Be3 a6 6. c4 Nf6 7. Nc3 d6 8. Be2 Be7 9. f4 Bd7 10. Bf3 Rc8 11. Rc1 0-0 12. 0-0 Re8 13. b3 Nxd4 14. Qxd4 Bc6 15. Qd2 b5 16. e5 dxe5 17. Qxd8 Rexd8 18. fxe5 Nd7 19. Bxc6 Rxc6 20. cxb5 axb5 21. Nd5 Rxc1 22. Nxe7+ Kf8 23. Bxc1 Kxe7 24. Ba3+ Ke8 25. Bd6 Ra8 26. a3 f6 27. Re1 Ra6 28. a4 bxa4 29. bxa4 Kf7 30. Re4 Nxe5 31. Bxe5 fxe5 32. Rxe5 Rxa4 33. Kf2 Kf6 34. Rb5 Ra3 35. h3 h6 36. Rc5 Rd3 37. Ra5 g6 38. Rb5 h5 39. g3 e5 40. h4 Kf5 41. Rb6 Ra3 42. Rc6 Ra2+ 43. Ke3 Ra7 44. Rb6 Rf7 45. Rb4 Rf6 46. Ra4 Rb6 47. Rc4 Rb3+ 48. Kf2 Rd3 49. Rc6 Rd5 50. Ra6 e4 51. Ke3 g5 52. Rh6 Rd3+ 53. Ke2 Kg4 54. Re6 Rxg3 55. Rxe4+ Kf5 56. Ra4 gxh4 57. Rxh4 Kg5 58. Ra4 h4 59. Kf2 Rb3 60. Kg2 1/2-1/2

[Event "BL2-Nord 1819"]
[Site "Germany"]
[Date "2019.02.24"]
[Round "8.4"]
[White "Christ, Ralf"]
[Black "Meister, Jakob"]
[Result "0-1"]
[WhiteElo "2271"]
[BlackElo "2413"]
[PlyCount "110"]
[EventDate "2018.11.10"]
[EventType "team-tourn"]
[EventRounds "10"]
[EventCountry "GER"]
[SourceTitle "CBM 190 Extra"]
[Source "ChessBase"]
[SourceDate "2019.07.15"]
[SourceVersion "1"]
[SourceVersionDate "2019.07.15"]
[SourceQuality "1"]
[WhiteTeam "Luebeck"]
[BlackTeam "Berlin Zehlendorf"]
[WhiteTeamCountry "GER"]
[BlackTeamCountry "GER"]

1. Nf3 d5 2. d4 Bf5 3. c4 e6 4. Nc3 c6 5. Qb3 Qb6 6. c5 Qc7 7. Bf4 Qc8 8. e3 Nd7 9. Qd1 Be7 10. Be2 h6 11. 0-0 Ngf6 12. h3 Ne4 13. Nxe4 Bxe4 14. b4 0-0 15. Nd2 Bh7 16. b5 e5 17. Bh2 Re8 18. Re1 Bf6 19. Nb3 exd4 20. exd4 Nf8 21. Bf4 Bf5 22. Qd2 Ng6 23. Bg3 Bg5 24. Qa5 Bf4 25. Bxf4 Nxf4 26. Bf1 Ne6 27. Rac1 Qd7 28. Qa4 Qc7 29. Re3 Be4 30. Qb4 cxb5 31. Bxb5 Red8 32. a4 Rab8 33. Qd2 Qf4 34. Qa5 Qg5 35. Rg3 Qf6 36. Qd2 Rbc8 37. Rgc3 Rc7 38. Be2 Re8 39. Bb5 Ree7 40. Bf1 h5 41. a5 h4 42. f3 Bg6 43. Re1 a6 44. c6 bxc6 45. Bxa6 c5 46. dxc5 d4 47. Rcc1 d3 48. Rc4 Ra7 49. Bb5 Nc7 50. Rxe7 Qxe7 51. Ba4 Nd5 52. c6 Qd6 53. Rd4 Re7 54. f4 Re2 55. Qd1 Qe6 0-1

[Event "BL2-Nord 1819"]
[Site "Germany"]
[Date "2019.02.23"]
[Round "7.4"]
[White "Mueller, Michael1111"]
[Black "Christ, Ralf"]
[Result "0-1"]
[WhiteElo "2272"]
[BlackElo "2271"]
[PlyCount "108"]
[EventDate "2018.11.10"]
[EventType "team-tourn"]
[EventRounds "10"]
[EventCountry "GER"]
[SourceTitle "CBM 190 Extra"]
[Source "ChessBase"]
[SourceDate "2019.07.15"]
[SourceVersion "1"]
[SourceVersionDate "2019.07.15"]
[SourceQuality "1"]
[WhiteTeam "Berlin Rotation"]
[BlackTeam "Luebeck"]
[WhiteTeamCountry "GER"]
[BlackTeamCountry "GER"]

1. d4 Nf6 2. c4 g6 3. Nc3 d5 4. cxd5 Nxd5 5. e4 Nxc3 6. bxc3 Bg7 7. Bc4 c5 8. Be3 Nc6 9. Ne2 0-0 10. 0-0 Bg4 11. f3 Bd7 12. d5 Ne5 13. Bb3 Qc7 14. h3 Bb5 15. Rc1 Nc4 16. Qd3 Nxe3 17. Qxe3 Bxe2 18. Qxe2 c4 19. Qxc4 Qf4 20. e5 Qxe5 21. Qe4 Qd6 22. c4 Rac8 23. Rce1 Rc7 24. f4 Bf6 25. Kh1 a6 26. Rf3 b5 27. cxb5 axb5 28. Rd1 Rfc8 29. Rfd3 Rc1 30. Rxc1 Rxc1+ 31. Rd1 Rc3 32. Rf1 Qc5 33. d6 Qxd6 34. Qa8+ Kg7 35. Qe8 e6 36. Qxb5 Qd2 37. Qb7 Rc1 38. Qf3 Re1 39. Bc4 Re3 40. Qf2 Qc3 41. Bb5 Bd4 42. Qh4 Qc5 43. a4 Rc3 44. Rd1 Bf2 45. Qg4 Qa3 46. Bf1 Qxa4 47. Be2 h5 48. Qg5 Rc5 49. Qe7 Qxf4 50. Bf3 Bd4 51. Qd7 Be5 52. Kg1 Rc2 53. Qa7 Bd6 54. Kf1 Qc4+ 0-1

[Event "BL2-Nord 1819"]
[Site "Germany"]
[Date "2019.02.03"]
[Round "6.5"]
[White "Christ, Ralf"]
[Black "Muse, Mladen"]
[Result "0-1"]
[WhiteElo "2271"]
[BlackElo "2391"]
[PlyCount "120"]
[EventDate "2018.11.10"]
[EventType "team-tourn"]
[EventRounds "10"]
[EventCountry "GER"]
[SourceTitle "CBM 190 Extra"]
[Source "ChessBase"]
[SourceDate "2019.07.15"]
[SourceVersion "1"]
[SourceVersionDate "2019.07.15"]
[SourceQuality "1"]
[WhiteTeam "Luebeck"]
[BlackTeam "Berlin Tegel"]
[WhiteTeamCountry "GER"]
[BlackTeamCountry "GER"]

1. Nf3 Nf6 2. c4 e6 3. Nc3 d5 4. d4 c6 5. cxd5 exd5 6. Bg5 h6 7. Bxf6 Qxf6 8. e3 Bd6 9. Bd3 0-0 10. Qc2 Bg4 11. Nd2 Re8 12. 0-0 Qh4 13. g3 Qh5 14. Rfe1 Nd7 15. Rab1 Nf8 16. b4 Ne6 17. Be2 Nxd4 18. Bxg4 Nxc2 19. Bxh5 Nxe1 20. Rxe1 d4 21. Ncb1 dxe3 22. Rxe3 Rxe3 23. fxe3 Bxb4 24. Kf2 Rd8 25. Nb3 a5 26. Bf3 a4 27. Nd4 g6 28. Ke2 Rd6 29. Be4 Kf8 30. Bc2 Bc5 31. Bxa4 Bxd4 32. exd4 Rxd4 33. Bb3 f5 34. Nd2 Ke7 35. Ke3 Rd7 36. Nf3 Kf6 37. h4 Re7+ 38. Kd3 Re4 39. Ng1 b5 40. Ne2 c5 41. Bd1 Rg4 42. Ke3 Ke5 43. Kf3 g5 44. hxg5 hxg5 45. Bc2 Rb4 46. Nc1 Rc4 47. Nd3+ Kd4 48. Ne1 Rc3+ 49. Ke2 Ke5 50. Nd3+ Kd6 51. Ne1 Ke6 52. Kf2 c4 53. g4 fxg4 54. Bg6 Ra3 55. Bb1 Ke5 56. Nc2 Rh3 57. Ne3 Rh2+ 58. Ng2 Rh1 59. Bg6 Ra1 60. Be8 Rxa2+ 0-1

[Event "Oberliga Nord N 1718"]
[Site "Germany"]
[Date "2018.02.04"]
[Round "6.5"]
[White "Christ, Ralf"]
[Black "Dettmann, Steffen"]
[Result "1/2-1/2"]
[WhiteElo "2271"]
[BlackElo "2217"]
[PlyCount "106"]
[EventDate "2017.10.08"]
[EventType "team-tourn"]
[EventRounds "9"]
[EventCountry "GER"]
[SourceTitle "EXT 2019"]
[Source "ChessBase"]
[SourceDate "2018.10.10"]
[SourceVersion "1"]
[SourceVersionDate "2018.10.10"]
[SourceQuality "1"]
[WhiteTeam "Luebeck"]
[BlackTeam "Hamburg Koenigsspringer"]
[WhiteTeamCountry "GER"]
[BlackTeamCountry "GER"]

1. Nf3 d5 2. d4 Nf6 3. c4 e6 4. Nc3 Be7 5. Bg5 h6 6. Bh4 0-0 7. e3 Ne4 8. Bxe7 Qxe7 9. Rc1 Nxc3 10. Rxc3 c6 11. Bd3 dxc4 12. Bxc4 b6 13. 0-0 Bb7 14. Qe2 Rc8 15. Rfc1 Rc7 16. Ne5 Nd7 17. Nxd7 Qxd7 18. Bd3 Qd5 19. Bc4 Qd6 20. Bb3 Rac8 21. Rd1 Qe7 22. Bc2 c5 23. dxc5 Rxc5 24. Rxc5 Qxc5 25. Bb3 b5 26. Qd2 Qg5 27. f4 Qg6 28. h3 Qe4 29. Rf1 g6 30. Kh2 a5 31. Rf2 a4 32. Bd1 Qd5 33. Bf3 Qxd2 34. Rxd2 Bxf3 35. gxf3 Rc1 36. Kg3 Rg1+ 37. Kf2 Rh1 38. Kg3 Ra1 39. Rd8+ Kg7 40. Rb8 Rg1+ 41. Kf2 Rb1 42. Rxb5 a3 43. b4 Rb2+ 44. Kg3 Rxa2 45. Ra5 Ra1 46. b5 a2 47. Kf2 Rb1 48. Rxa2 Rxb5 49. e4 Rb1 50. Ra5 h5 51. h4 Rb2+ 52. Kg3 Rb7 53. f5 exf5 1/2-1/2

[Event "Oberliga Nord N 1718"]
[Site "Germany"]
[Date "2018.01.21"]
[Round "5.5"]
[White "Reichmann, Hendrik"]
[Black "Christ, Ralf"]
[Result "1/2-1/2"]
[WhiteElo "2334"]
[BlackElo "2271"]
[PlyCount "53"]
[EventDate "2017.10.08"]
[EventType "team-tourn"]
[EventRounds "9"]
[EventCountry "GER"]
[SourceTitle "EXT 2019"]
[Source "ChessBase"]
[SourceDate "2018.10.10"]
[SourceVersion "1"]
[SourceVersionDate "2018.10.10"]
[SourceQuality "1"]
[WhiteTeam "Schwerin"]
[BlackTeam "Luebeck"]
[WhiteTeamCountry "GER"]
[BlackTeamCountry "GER"]

1. c4 Nf6 2. g3 g6 3. Bg2 d5 4. cxd5 Nxd5 5. Nc3 Nb6 6. e3 Bg7 7. Nge2 0-0 8. 0-0 e5 9. b3 Nc6 10. Ba3 Re8 11. Rc1 a5 12. Nb5 Bg4 13. h3 Bf5 14. d4 exd4 15. Nexd4 Bxd4 16. exd4 Be6 17. Qd2 Bd5 18. Rc5 Rc8 19. Bb2 Qd7 20. Rfc1 Bxg2 21. Kxg2 Nd5 22. Qg5 Nce7 23. Nc3 Nxc3 24. R1xc3 b6 25. Re5 c6 26. Qc1 Nd5 27. Rf3 1/2-1/2

[Event "Oberliga Nord N 1617"]
[Site "Germany"]
[Date "2017.03.19"]
[Round "7.5"]
[White "Kluenger, Marc"]
[Black "Christ, Ralf"]
[Result "1/2-1/2"]
[WhiteElo "2220"]
[BlackElo "2270"]
[PlyCount "182"]
[EventDate "2016.10.16"]
[EventType "team-tourn"]
[EventRounds "9"]
[EventCountry "GER"]
[SourceTitle "EXT 2018"]
[Source "ChessBase"]
[SourceDate "2017.10.13"]
[SourceVersion "1"]
[SourceVersionDate "2017.10.13"]
[SourceQuality "1"]
[WhiteTeam "Hamburg Schachfreunde"]
[BlackTeam "Luebeck"]
[WhiteTeamCountry "GER"]
[BlackTeamCountry "GER"]

1. d4 Nf6 2. c4 g6 3. Nc3 d5 4. cxd5 Nxd5 5. e4 Nxc3 6. bxc3 Bg7 7. Bg5 c5 8. Rc1 Qa5 9. Qd2 h6 10. Be3 cxd4 11. cxd4 Qxd2+ 12. Kxd2 0-0 13. Bb5 Rd8 14. Rc7 e6 15. Ne2 Nc6 16. Rc1 Be5 17. R7xc6 bxc6 18. Bxc6 Rb8 19. Ke1 Bg7 20. Bf4 Rb2 21. Bc7 Rxd4 22. Nxd4 Bxd4 23. Bg3 Rxa2 24. Bd5 Ra1 25. Rxa1 Bxa1 26. Bc4 Bd4 27. Kd2 Kf8 28. Kd3 Bc5 29. f4 Bb7 30. Bh4 f5 31. Bxe6 Bxe4+ 32. Kc4 Bg1 33. g3 Bxh2 34. Kc5 Bg1+ 35. Kd6 Bd4 36. Bd8 Kg7 37. Ba5 Bf3 38. Be1 h5 39. Ke7 Bc6 40. Bc4 Bf6+ 41. Kd6 Be8 42. Ba6 Bd4 43. Kd5 Bb6 44. Bc3+ Kh6 45. Bf6 Bf2 46. Bh4 Kg7 47. Ke6 Bf7+ 48. Kd6 Bb3 49. Ke7 Bc5+ 50. Ke8 Ba4+ 51. Kd8 Kf8 52. Bg5 Bb6+ 53. Kc8 Bc6 54. Bh4 Ke8 55. Bf6 Bd5 56. Bh4 Be6+ 57. Kb7 Bd7 58. Bc4 Kf8 59. Ba6 Kf7 60. Bc4+ Be6 61. Bb5 Bd5+ 62. Ka6 Bf2 63. Be2 Kg7 64. Bd3 Bf3 65. Bf1 g5 66. Bxg5 Bxg3 67. Kxa7 h4 68. Kb6 Bf2+ 69. Kc7 Bg4 70. Kd6 h3 71. Ke6 h2 72. Bg2 Bh3 73. Bc6 Be3 74. Ke5 Bg4 75. Bh4 Bg1 76. Bg3 Bh3 77. Bxh2 Bxh2 78. Bd7 Bf1 79. Bxf5 Bg1 80. Be4 Bb6 81. Kd5 Bb5 82. Kd6 Kf6 83. Bc6 Bd3 84. Bd5 Be3 85. Kc7 Ba6 86. Kb8 Bxf4+ 87. Ka8 Ke5 88. Bh1 Kd6 89. Bg2 Kc7 90. Bh1 Be3 91. Bg2 Bc4 1/2-1/2

[Event "Oberliga Nord N 1617"]
[Site "Germany"]
[Date "2016.12.04"]
[Round "3.5"]
[White "Christ, Ralf"]
[Black "Gaede, Derek"]
[Result "1-0"]
[WhiteElo "2270"]
[BlackElo "2252"]
[PlyCount "53"]
[EventDate "2016.10.16"]
[EventType "team-tourn"]
[EventRounds "9"]
[EventCountry "GER"]
[SourceTitle "EXT 2018"]
[Source "ChessBase"]
[SourceDate "2017.10.13"]
[SourceVersion "1"]
[SourceVersionDate "2017.10.13"]
[SourceQuality "1"]
[WhiteTeam "Luebeck"]
[BlackTeam "Hamburger SK"]
[WhiteTeamCountry "GER"]
[BlackTeamCountry "GER"]

1. e4 e6 2. d4 d5 3. exd5 exd5 4. c4 Nf6 5. Nc3 Bb4 6. Bd3 0-0 7. Nge2 dxc4 8. Bxc4 c6 9. 0-0 Nbd7 10. Bg5 h6 11. Bf4 Nb6 12. Bb3 Nbd5 13. Be5 Bg4 14. Qd3 Re8 15. Nxd5 Nxd5 16. Bc2 g6 17. Ng3 Bd6 18. Rfe1 Nb4 19. Qc3 Nxc2 20. Qxc2 Qa5 21. Qe4 Bxe5 22. dxe5 Be6 23. Qf4 Kg7 24. Ne4 Bd5 25. Nd6 Rf8 26. Re3 Qd2 27. Nf5+ 1-0

[Event "Oberliga Nord N 1617"]
[Site "Germany"]
[Date "2016.10.16"]
[Round "1.3"]
[White "Christ, Ralf"]
[Black "Jaster, Robert"]
[Result "1/2-1/2"]
[WhiteElo "2270"]
[BlackElo "2273"]
[PlyCount "43"]
[EventDate "2016.10.16"]
[EventType "team-tourn"]
[EventRounds "9"]
[EventCountry "GER"]
[SourceTitle "EXT 2018"]
[Source "ChessBase"]
[SourceDate "2017.10.13"]
[SourceVersion "1"]
[SourceVersionDate "2017.10.13"]
[SourceQuality "1"]
[WhiteTeam "Luebeck"]
[BlackTeam "Rostock"]
[WhiteTeamCountry "GER"]
[BlackTeamCountry "GER"]

1. e4 c6 2. d4 d5 3. exd5 cxd5 4. c4 Nf6 5. Nc3 Nc6 6. Nf3 Bg4 7. cxd5 Nxd5 8. Qb3 Bxf3 9. gxf3 e6 10. Qxb7 Nxd4 11. Bb5+ Nxb5 12. Qc6+ Ke7 13. Qxb5 Qd7 14. Nxd5+ Qxd5 15. Bg5+ f6 16. Qxd5 exd5 17. Be3 Ke6 18. 0-0-0 Bb4 19. a3 Rhc8+ 20. Kb1 Bc5 21. Rhe1 Bxe3 22. Rxe3+ 1/2-1/2

[Event "Oberliga Nord N 1516"]
[Site "Germany"]
[Date "2016.04.10"]
[Round "9.8"]
[White "Christ, Ralf"]
[Black "Woelk, Tom Frederic"]
[Result "1-0"]
[WhiteElo "2291"]
[BlackElo "1808"]
[PlyCount "77"]
[EventDate "2015.09.20"]
[EventType "team-tourn"]
[EventRounds "9"]
[EventCountry "GER"]
[SourceTitle "EXT 2017"]
[Source "ChessBase"]
[SourceDate "2016.10.25"]
[SourceVersion "1"]
[SourceVersionDate "2016.10.25"]
[SourceQuality "1"]
[WhiteTeam "Luebeck"]
[BlackTeam "Hamburg Diogenes"]
[WhiteTeamCountry "GER"]
[BlackTeamCountry "GER"]

1. Nf3 d5 2. d4 Nf6 3. c4 c6 4. e3 Bg4 5. Nc3 e6 6. Qb3 Qb6 7. c5 Qxb3 8. axb3 Nbd7 9. b4 Be7 10. b5 0-0 11. b4 cxb5 12. Bxb5 a6 13. Be2 Rfc8 14. Bd2 Ne4 15. Nxe4 dxe4 16. Ng1 Bxe2 17. Nxe2 f5 18. Nc3 Nf6 19. Ke2 Nd5 20. Rhb1 Kf7 21. Ra2 Ke8 22. f3 exf3+ 23. gxf3 Bd8 24. e4 Nxc3+ 25. Bxc3 Bf6 26. Rba1 Rab8 27. Rd1 Rd8 28. Ba1 Rd7 29. d5 Bxa1 30. Raxa1 exd5 31. exd5 Rbd8 32. d6 Kf7 33. Kd3 g5 34. Kd4 Kf6 35. Re1 g4 36. f4 h5 37. Re5 Rf7 38. Rae1 Rdd7 39. Re8 1-0

[Event "Oberliga Nord N 1516"]
[Site "Germany"]
[Date "2016.03.13"]
[Round "8.8"]
[White "Herlan, Klaus Juergen"]
[Black "Christ, Ralf"]
[Result "1-0"]
[WhiteElo "1958"]
[BlackElo "2291"]
[PlyCount "91"]
[EventDate "2015.09.20"]
[EventType "team-tourn"]
[EventRounds "9"]
[EventCountry "GER"]
[SourceTitle "EXT 2017"]
[Source "ChessBase"]
[SourceDate "2016.10.25"]
[SourceVersion "1"]
[SourceVersionDate "2016.10.25"]
[SourceQuality "1"]
[WhiteTeam "Marmstorf"]
[BlackTeam "Luebeck"]
[WhiteTeamCountry "GER"]
[BlackTeamCountry "GER"]

1. d4 Nf6 2. Nc3 c5 3. d5 Qa5 4. Bd2 b5 5. Ne4 Qb6 6. Nxf6+ gxf6 7. e4 d6 8. Ne2 f5 9. exf5 Bxf5 10. Ng3 Bg6 11. a4 b4 12. Bb5+ Kd8 13. Bc4 Qb7 14. a5 Na6 15. 0-0 h5 16. h4 Nc7 17. a6 Qc8 18. c3 Qg4 19. Be2 Qxh4 20. cxb4 Bg7 21. bxc5 dxc5 22. d6 exd6 23. Bc3 Bd4 24. Bf3 Rb8 25. Re1 Ne6 26. Ra4 Qf6 27. Ba5+ Ke7 28. b4 cxb4 29. Bxb4 Bc5 30. Bxc5 dxc5 31. Qc1 Rhc8 32. Bxh5 Kf8 33. Bxg6 Qxg6 34. Ne4 Rb6 35. Qa1 Qg7 36. Nf6 Rb4 37. Nd7+ Kg8 38. Nf6+ Kf8 39. Ra3 Rf4 40. Nd7+ Kg8 41. Rg3 Qxg3 42. fxg3 Rf5 43. Nf6+ Kf8 44. Ne4 Rc7 45. Nd6 Rd5 46. Rxe6 1-0

[Event "Oberliga Nord N 1516"]
[Site "Germany"]
[Date "2016.01.31"]
[Round "6.7"]
[White "Christ, Ralf"]
[Black "Thanisch, Matthias"]
[Result "1-0"]
[WhiteElo "2291"]
[BlackElo "2064"]
[PlyCount "83"]
[EventDate "2015.09.20"]
[EventType "team-tourn"]
[EventRounds "9"]
[EventCountry "GER"]
[SourceTitle "EXT 2017"]
[Source "ChessBase"]
[SourceDate "2016.10.25"]
[SourceVersion "1"]
[SourceVersionDate "2016.10.25"]
[SourceQuality "1"]
[WhiteTeam "Luebeck"]
[BlackTeam "Bargteheide"]
[WhiteTeamCountry "GER"]
[BlackTeamCountry "GER"]

1. Nf3 Nf6 2. c4 e6 3. Nc3 b6 4. g3 Bb7 5. Bg2 Be7 6. 0-0 0-0 7. Re1 d6 8. e4 Nbd7 9. d4 e5 10. d5 a5 11. b3 Nc5 12. Rb1 Bc8 13. Qc2 Bd7 14. a3 Qc8 15. Nd2 Nh5 16. b4 Nb7 17. Nb3 g6 18. Bh6 Re8 19. Rf1 Nf6 20. f3 axb4 21. axb4 Bf8 22. Be3 Bh3 23. Ra1 Qd7 24. Nb5 Bxg2 25. Kxg2 h5 26. Na7 Kh7 27. c5 dxc5 28. bxc5 Nxc5 29. Nxc5 bxc5 30. Nc6 Qd6 31. Qb2 Nd7 32. Qb7 Nb6 33. Rfc1 Rxa1 34. Rxa1 Bh6 35. Bf2 Bg5 36. Ra7 Rc8 37. Ra5 Nc4 38. Qxc8 Nxa5 39. Nxa5 Qb6 40. Nc4 Qb3 41. Nxe5 Qb2 42. Qxc7 1-0

[Event "BL2-Nord 1415"]
[Site "Germany"]
[Date "2015.03.15"]
[Round "8.3"]
[White "Dudzinski, Piotr"]
[Black "Christ, Ralf"]
[Result "1/2-1/2"]
[WhiteElo "2340"]
[BlackElo "2284"]
[PlyCount "48"]
[EventDate "2014.09.21"]
[EventType "team-tourn"]
[EventRounds "9"]
[EventCountry "GER"]
[SourceTitle "CBM 166 Extra"]
[Source "ChessBase"]
[SourceDate "2015.06.18"]
[SourceVersion "1"]
[SourceVersionDate "2015.06.18"]
[SourceQuality "1"]
[WhiteTeam "Ruedersdorf"]
[BlackTeam "Luebeck"]
[WhiteTeamCountry "GER"]
[BlackTeamCountry "GER"]

1. e4 c5 2. c3 d5 3. exd5 Qxd5 4. d4 Nf6 5. Nf3 Bg4 6. Be2 e6 7. 0-0 Nc6 8. Be3 cxd4 9. cxd4 Be7 10. Nc3 Qd6 11. h3 Bh5 12. Qb3 0-0 13. Rfd1 Rfd8 14. Rac1 Qb4 15. Qxb4 Nxb4 16. g4 Bg6 17. Ne5 Nfd5 18. Bf3 Rac8 19. a3 Nxc3 20. Rxc3 Nd5 21. Rxc8 Rxc8 22. Nxg6 hxg6 23. Bxd5 exd5 24. Rc1 Rxc1+ 1/2-1/2

[Event "BL2-Nord 1415"]
[Site "Germany"]
[Date "2015.02.22"]
[Round "7.3"]
[White "Christ, Ralf"]
[Black "Wendt, Jan Dietrich"]
[Result "1/2-1/2"]
[WhiteElo "2284"]
[BlackElo "2383"]
[PlyCount "49"]
[EventDate "2014.09.21"]
[EventType "team-tourn"]
[EventRounds "9"]
[EventCountry "GER"]
[SourceTitle "CBM 166 Extra"]
[Source "ChessBase"]
[SourceDate "2015.06.18"]
[SourceVersion "1"]
[SourceVersionDate "2015.06.18"]
[SourceQuality "1"]
[WhiteTeam "Luebeck"]
[BlackTeam "Berlin SF II"]
[WhiteTeamCountry "GER"]
[BlackTeamCountry "GER"]

1. Nf3 c5 2. c4 g6 3. e4 Nc6 4. d4 cxd4 5. Nxd4 Bg7 6. Be3 Nf6 7. Nc3 d6 8. Be2 0-0 9. 0-0 Bd7 10. Qd2 Nxd4 11. Bxd4 Bc6 12. f3 a5 13. b3 Nd7 14. Be3 Nc5 15. Rab1 Be5 16. Rfc1 e6 17. Bf1 Qh4 18. g3 Qe7 19. Bg2 Rfd8 20. a3 a4 21. bxa4 Nxa4 22. Nxa4 Rxa4 23. Rb3 Rda8 24. Qd3 Bg7 25. Rd1 1/2-1/2

[Event "BL2-Nord 1314"]
[Site "Germany"]
[Date "2014.04.06"]
[Round "9.6"]
[White "Christ, Ralf"]
[Black "Michna, Christian"]
[Result "1/2-1/2"]
[WhiteElo "2273"]
[BlackElo "2290"]
[PlyCount "90"]
[EventDate "2013.10.13"]
[EventType "team-tourn"]
[EventRounds "9"]
[EventCountry "GER"]
[SourceTitle "EXT 2015"]
[Source "ChessBase"]
[SourceDate "2014.11.20"]
[SourceVersion "1"]
[SourceVersionDate "2014.11.20"]
[SourceQuality "1"]
[WhiteTeam "Luebeck"]
[BlackTeam "Norderstedt"]
[WhiteTeamCountry "GER"]
[BlackTeamCountry "GER"]

1. Nf3 Nf6 2. c4 g6 3. Nc3 Bg7 4. e4 d6 5. d4 0-0 6. Be2 Bg4 7. Be3 Nfd7 8. Rc1 a6 9. 0-0 c5 10. dxc5 dxc5 11. Qb3 Qc8 12. Nd5 Nc6 13. Bg5 Re8 14. Rfd1 Kf8 15. Rd2 Bxf3 16. Bxf3 Nd4 17. Qd1 e6 18. Nc3 Qc7 19. Be2 h6 20. Be3 Rad8 21. Bf1 Ne5 22. f4 Nec6 23. Qe1 Rd7 24. Rcd1 Red8 25. e5 g5 26. Kh1 gxf4 27. Bxf4 Bxe5 28. Bxh6+ Ke7 29. h3 Nf5 30. Be3 Ncd4 31. Bf2 Rh8 32. Rd3 Rdd8 33. Ne2 f6 34. Nc3 Rdg8 35. Ne4 Qc6 36. Kg1 Rg6 37. b3 Nd6 38. Nxd6 Bxd6 39. Bxd4 cxd4 40. b4 Rhg8 41. Qf2 e5 42. c5 Bb8 43. g4 Qd7 44. Rf3 Qe6 45. Rf5 Rg5 1/2-1/2

[Event "BL2-Nord 1314"]
[Site "Germany"]
[Date "2014.02.09"]
[Round "6.5"]
[White "Christ, Ralf"]
[Black "Wenzel, Birger"]
[Result "1/2-1/2"]
[WhiteElo "2273"]
[BlackElo "2041"]
[PlyCount "51"]
[EventDate "2013.10.13"]
[EventType "team-tourn"]
[EventRounds "9"]
[EventCountry "GER"]
[SourceTitle "EXT 2015"]
[Source "ChessBase"]
[SourceDate "2014.11.20"]
[SourceVersion "1"]
[SourceVersionDate "2014.11.20"]
[SourceQuality "1"]
[WhiteTeam "Luebeck"]
[BlackTeam "Eppendorf"]
[WhiteTeamCountry "GER"]
[BlackTeamCountry "GER"]

1. Nf3 Nf6 2. c4 c5 3. Nc3 e6 4. g3 b6 5. Bg2 Bb7 6. 0-0 Be7 7. Re1 d6 8. e4 Nbd7 9. d4 cxd4 10. Nxd4 Qc7 11. Be3 Rc8 12. f4 0-0 13. Rc1 Qb8 14. b3 Nc5 15. Bf2 Qa8 16. Qe2 Rfe8 17. b4 Na6 18. a3 Bf8 19. Ndb5 Nc7 20. Bd4 Nd7 21. Nxc7 Rxc7 22. Nb5 Rcc8 23. Bb2 Qb8 24. Red1 Rcd8 25. Rd2 a6 26. Nd4 1/2-1/2

[Event "BL2-Nord 1314"]
[Site "Germany"]
[Date "2013.11.24"]
[Round "3.5"]
[White "Christ, Ralf"]
[Black "Cladouras, Panagiotis"]
[Result "1/2-1/2"]
[WhiteElo "2273"]
[BlackElo "2366"]
[PlyCount "45"]
[EventDate "2013.10.13"]
[EventType "team-tourn"]
[EventRounds "9"]
[EventCountry "GER"]
[SourceTitle "EXT 2015"]
[Source "ChessBase"]
[SourceDate "2014.11.20"]
[SourceVersion "1"]
[SourceVersionDate "2014.11.20"]
[SourceQuality "1"]
[WhiteTeam "Luebeck"]
[BlackTeam "Zehlendorf"]
[WhiteTeamCountry "GER"]
[BlackTeamCountry "GER"]

1. Nf3 d5 2. d4 c5 3. c4 e6 4. cxd5 exd5 5. g3 Nc6 6. Bg2 Be6 7. 0-0 Be7 8. Nc3 Nf6 9. b3 Ne4 10. Bb2 Bf6 11. e3 Nxc3 12. Bxc3 0-0 13. Rc1 cxd4 14. Nxd4 Rc8 15. Qd2 Nxd4 16. Bxd4 Rxc1 17. Rxc1 Bxd4 18. exd4 h6 19. h4 Qd6 20. Qa5 Ra8 21. Bf1 b6 22. Qa4 Qe7 23. b4 1/2-1/2

[Event "BL2-Nord 1213"]
[Site "Germany"]
[Date "2013.04.14"]
[Round "9.7"]
[White "Christ, Ralf"]
[Black "Boehm, Siegfried"]
[Result "1-0"]
[WhiteElo "2267"]
[BlackElo "2092"]
[PlyCount "89"]
[EventDate "2012.10.14"]
[EventType "team-tourn"]
[EventRounds "9"]
[EventCountry "GER"]
[SourceTitle "CBM 154 Extra"]
[Source "ChessBase"]
[SourceDate "2013.06.25"]
[SourceVersion "2"]
[SourceVersionDate "2013.06.25"]
[SourceQuality "1"]
[WhiteTeam "Luebeck"]
[BlackTeam "Kassel"]
[WhiteTeamCountry "GER"]
[BlackTeamCountry "GER"]

1. Nf3 Nf6 2. c4 e6 3. Nc3 d5 4. d4 c6 5. cxd5 exd5 6. Bg5 h6 7. Bh4 Be7 8. Qc2 Be6 9. e3 Nbd7 10. Bd3 0-0 11. 0-0 Rc8 12. Rab1 a5 13. Rfe1 Re8 14. a3 c5 15. dxc5 Nxc5 16. Nd4 Nxd3 17. Qxd3 Nd7 18. Bxe7 Rxe7 19. Rbc1 Nf6 20. Ncb5 Bd7 21. Rxc8 Qxc8 22. Qc3 Qxc3 23. Nxc3 Re8 24. Rd1 Rc8 25. f3 Rc5 26. Nb3 Rc6 27. Nxa5 Rb6 28. Nxd5 Nxd5 29. Rxd5 Be6 30. Rd8+ Kh7 31. b4 Ra6 32. Nxb7 Rxa3 33. Kf2 Ra2+ 34. Kg3 g5 35. Rd4 Re2 36. e4 h5 37. h3 h4+ 38. Kh2 Re1 39. Nc5 Ba2 40. Rd2 Bc4 41. Rb2 Bb5 42. Nb3 Rd1 43. Nd2 Kg6 44. Nb1 Rd3 45. Kg1 1-0